00945nam a2200265 u 450000100100000000300100001000500170002000800410003702000150007804000220009308200180011510000290013324501190016226000380028130000340031949000370035350400370039060000310042765000430045865100410050165100370054270000260057970000370060583000370064200000205700000205720171010125721.0090630s2000 dr 001 0bspa d a9993410365 aBPMSUbspacBPMSU a928.61bL951C1 aCassá, Roberto,d1942-10aAmérico Lugo :bel antiimperialista /cRoberto Cassá; ilustraciones Ramiro Manzano, José Manuel Rodríguez. aSanto Domingo :bTobogán,c2000 a55 p. :bil., retrs. c21 cm.0 aBiografías Dominicanas Tobogan aIncluye bibliografías (p. 55).10aLUGO, AMÉRICOd1870-1952 aHISTORIADORES zREPÚBLICA DOMINICANA 4aREPÚBLICA DOMINICANAxBIOGRAFÍAS 4aREPÚBLICA DOMINICANAxHISTORIA1 aManzano, Ramiro,eil.1 aRodríguez, José Manuel,eil. 0aBiografías Dominicanas Tobogan